[Event "European Youth Chess Championship B18"]
[Site "Prague, Top Hotel Prague"]
[Date "2016.08.27"]
[Round "9.42"]
[White "Nastase, Robert-Paul"]
[Black "De, Block Yordi"]
[Result "1-0"]
[WhiteElo "2163"]
[BlackElo "2015"]
[PlyCount "73"]
[EventDate "2016.08.18"]

1. e4 d5 2. exd5 Qxd5 3. Nc3 Qd6 4. d4 Nf6 5. Nf3 Bg4 6. h3 Bxf3 7. Qxf3 c6 8.
Be3 e6 9. O-O-O Nd5 10. Ne4 Qc7 11. Bd2 Nd7 12. Kb1 N7f6 13. Ng3 Bd6 14. c4 Ne7
15. Ne2 Ng6 16. h4 h5 17. g3 e5 18. Bg5 Ng4 19. Bh3 f6 20. Bc1 exd4 21. Nxd4
N6e5 22. Qe2 O-O 23. Ne6 Qe7 24. Nxf8 Qxf8 25. f4 Nf7 26. Bxg4 hxg4 27. Qxg4
Re8 28. Rhe1 Bb4 29. Re2 Nh6 30. Qh5 Rxe2 31. Qxe2 Qf7 32. Ka1 Nf5 33. g4 Ne7
34. a3 Bc5 35. b4 Bb6 36. c5 Bc7 37. Rd7 1-0

[Event "European Youth Chess Championship B18"]
[Site "Prague, Top Hotel Prague"]
[Date "2016.08.27"]
[Round "9.43"]
[White "Kilic, Cihan"]
[Black "Thorhallsson, Simon"]
[Result "0-1"]
[WhiteElo "1893"]
[BlackElo "2169"]
[PlyCount "70"]
[EventDate "2016.08.18"]

1. d4 Nf6 2. Nf3 e6 3. c4 d5 4. e3 c6 5. Nc3 Nbd7 6. Qc2 Bd6 7. b3 O-O 8. Bd3
Re8 9. cxd5 exd5 10. O-O Qe7 11. Bb2 Ne4 12. Ne2 f5 13. Ng3 Qf6 14. a3 g5 15.
Rfe1 g4 16. Nd2 h5 17. Ndf1 h4 18. Nh5 Qh6 19. Nf4 Ndf6 20. g3 Ng5 21. Nd2 Nfe4
22. Bxe4 fxe4 23. Kf1 hxg3 24. hxg3 Nf3 25. Rec1 Bxf4 26. gxf4 g3 27. Nxf3 exf3
28. Ke1 Re4 29. Kd2 Bf5 30. Rg1 g2 31. Qd1 Qh3 32. Bc3 Rc8 33. Bb4 Bg4 34. Qe1
Qh8 35. Qd1 Rxd4+ 0-1

[Event "European Youth Chess Championship B18"]
[Site "Prague, Top Hotel Prague"]
[Date "2016.08.27"]
[Round "9.44"]
[White "Fossan, Andreas"]
[Black "Steindl, Johannes"]
[Result "0-1"]
[WhiteElo "2023"]
[BlackElo "2141"]
[PlyCount "82"]
[EventDate "2016.08.18"]

1. d4 Nf6 2. Bg5 d5 3. Bxf6 gxf6 4. c4 c5 5. e3 cxd4 6. Qxd4 dxc4 7. Qxd8+ Kxd8
8. Bxc4 e6 9. Nc3 a6 10. O-O-O+ Kc7 11. Nf3 Rg8 12. Rhg1 Nc6 13. Be2 Bd7 14.
Nd4 Nxd4 15. Rxd4 Bc6 16. g3 f5 17. Rgd1 Be7 18. R4d2 Rac8 19. Kb1 Kb8 20. Bh5
Rgf8 21. Ne2 Rc7 22. a3 Bf6 23. f3 Rfc8 24. Nd4 Ba4 25. Re1 e5 26. Ne2 Bb3 27.
Nc1 Be6 28. Ne2 Rg8 29. f4 e4 30. Nd4 Bc4 31. Be2 Rd8 32. Red1 Bxd4 33. exd4
Bb3 34. Rc1 Ba2+ 35. Kxa2 Rxc1 36. Bh5 Rd7 37. d5 Kc7 38. g4 Rf1 39. gxf5 Rxf4
40. d6+ Rxd6 41. Rc2+ Rc6 0-1

[Event "European Youth Chess Championship B18"]
[Site "Prague, Top Hotel Prague"]
[Date "2016.08.27"]
[Round "9.45"]
[White "Syvalahti, Timo"]
[Black "Shpati, Ted"]
[Result "1-0"]
[WhiteElo "2139"]
[BlackElo "2084"]
[PlyCount "135"]
[EventDate "2016.08.18"]

1. d4 d5 2. c4 c6 3. cxd5 cxd5 4. Nf3 Nf6 5. Nc3 Nc6 6. Bf4 e6 7. e3 Bd6 8. Bg3
O-O 9. Bd3 a6 10. Rc1 h6 11. Bb1 Bxg3 12. hxg3 Qd6 13. O-O Bd7 14. Qd3 Nb4 15.
Qe2 b5 16. e4 Qb6 17. a3 Nc6 18. Qd3 g6 19. e5 Nh7 20. Ne2 Ne7 21. Nf4 Rfc8 22.
b4 Rc4 23. Ba2 Rxc1 24. Rxc1 Rc8 25. Rc5 Rxc5 26. dxc5 Qc7 27. Bb1 Ng5 28. Qe3
Nc6 29. Nxg5 hxg5 30. Nd3 Qd8 31. f3 Kg7 32. Nf2 f6 33. f4 gxf4 34. gxf4 fxe5
35. fxe5 Qh4 36. Nd3 Qh5 37. Bc2 Qf5 38. Bd1 g5 39. Qg3 Kh6 40. Qh2+ Kg7 41.
Qg3 Ne7 42. Bh5 Kh6 43. Bg4 Qg6 44. Qh3+ Kg7 45. Qf3 Nc6 46. Bh5 Qf5 47. Bg4
Qxf3 48. Bxf3 Nd4 49. Bg4 Be8 50. Kf2 Kf7 51. Bh5+ Ke7 52. Bxe8 Kxe8 53. Kg3
Kf7 54. Kg4 Kg6 55. Ne1 Nc6 56. Nf3 d4 57. Nxg5 Nxe5+ 58. Kf4 d3 59. Ne4 Nc4
60. c6 e5+ 61. Kf3 Kf5 62. c7 Nb6 63. Nd6+ Ke6 64. c8=Q+ Nxc8 65. Nxc8 e4+ 66.
Ke3 Kd5 67. g4 Ke5 68. g5 1-0

[Event "European Youth Chess Championship B18"]
[Site "Prague, Top Hotel Prague"]
[Date "2016.08.27"]
[Round "9.46"]
[White "Kassay, Krisztian"]
[Black "Pein, Jonathan"]
[Result "1-0"]
[WhiteElo "2124"]
[BlackElo "1980"]
[PlyCount "77"]
[EventDate "2016.08.18"]

1. e4 c5 2. Nf3 Nc6 3. d4 cxd4 4. Nxd4 g6 5. Nc3 Bg7 6. Be3 Nf6 7. Bc4 O-O 8.
O-O e6 9. Ndb5 a6 10. Nd6 Qc7 11. Be2 b5 12. f4 Nb4 13. Bf3 e5 14. fxe5 Ne8 15.
a3 Nc6 16. Nd5 Qd8 17. Bb6 Qg5 18. Nxe8 Bxe5 19. Nec7 Rb8 20. Be3 Qd8 21. Bb6
Rxb6 22. Nxb6 Qxc7 23. Nd5 Qa7+ 24. Kh1 Bxb2 25. Ra2 Be5 26. Bg4 Qc5 27. c3 Kg7
28. Raf2 Qxa3 29. Nb6 Bb7 30. Nxd7 f6 31. Nxf8 Qxf8 32. Qd7+ Qe7 33. Rd1 Kf8
34. Qd2 Qc5 35. Qh6+ Ke8 36. Bd7+ Kd8 37. Bxc6+ Kc7 38. Bxb7 Qxf2 39. Bd5 1-0

[Event "European Youth Chess Championship B18"]
[Site "Prague, Top Hotel Prague"]
[Date "2016.08.27"]
[Round "9.47"]
[White "Oztekin, Kerem Can"]
[Black "Salim, Riza"]
[Result "1/2-1/2"]
[WhiteElo "1910"]
[BlackElo "2146"]
[PlyCount "58"]
[EventDate "2016.08.18"]

1. e4 c5 2. Nf3 Nc6 3. d4 cxd4 4. Nxd4 g6 5. Nc3 Bg7 6. Nb3 Nf6 7. Be2 O-O 8.
O-O d6 9. Bg5 b6 10. f4 Bb7 11. Bf3 Rc8 12. Re1 Nd7 13. Bg4 Bxc3 14. bxc3 Rc7
15. Nd4 a6 16. Re3 Nc5 17. Qe1 Nxd4 18. cxd4 Ne6 19. Qh4 Nxg5 20. fxg5 e6 21.
Rf1 h5 22. Bxh5 Kg7 23. Bd1 Rh8 24. Qg3 b5 25. Rf6 Rd7 26. c3 a5 27. e5 Qc7 28.
Rf1 dxe5 29. Rxe5 Bd5 1/2-1/2

[Event "European Youth Chess Championship B18"]
[Site "Prague, Top Hotel Prague"]
[Date "2016.08.27"]
[Round "9.48"]
[White "Stepan, Patrik"]
[Black "Sramek, Ondrej"]
[Result "1-0"]
[WhiteElo "2145"]
[BlackElo "1945"]
[PlyCount "51"]
[EventDate "2016.08.18"]

1. d4 Nf6 2. c4 c5 3. d5 b5 4. cxb5 a6 5. b6 Qxb6 6. Nc3 d6 7. Nf3 g6 8. Nd2
Bg7 9. e4 O-O 10. Nc4 Qa7 11. Be2 a5 12. a4 Nbd7 13. Bf4 Nb6 14. Na3 Qd7 15.
O-O Rb8 16. Rb1 Bb7 17. b3 Ne8 18. Qd2 f5 19. f3 fxe4 20. fxe4 e6 21. Bg4 Bxc3
22. Qxc3 Bxd5 23. Bh6 Rxf1+ 24. Rxf1 Nc7 25. Qf6 Qg7 26. Qxg7# 1-0

[Event "European Youth Chess Championship B18"]
[Site "Prague, Top Hotel Prague"]
[Date "2016.08.27"]
[Round "9.49"]
[White "Bischofberger, Dario"]
[Black "Lopez, Popov Ivan"]
[Result "1-0"]
[WhiteElo "2102"]
[BlackElo "1948"]
[PlyCount "59"]
[EventDate "2016.08.18"]

1. d4 d5 2. c4 c6 3. Nf3 Nf6 4. Qb3 e6 5. g3 Bd6 6. Bg2 O-O 7. O-O Ne4 8. Nc3
f5 9. Ne1 Nf6 10. Nd3 Nbd7 11. Bf4 dxc4 12. Qxc4 Nb6 13. Qb3 Bxf4 14. Nxf4 Nfd5
15. Nd3 Qf6 16. e3 g5 17. Nxd5 cxd5 18. f4 Nc4 19. Rfe1 b6 20. Qc3 Bb7 21. b3
Nd6 22. Qb2 g4 23. Rac1 Rfc8 24. Ne5 Nf7 25. Nxf7 Kxf7 26. Qa3 a5 27. Qd6 b5
28. Qb6 Qe7 29. Qxb5 Ba6 30. Qxa5 1-0

[Event "European Youth Chess Championship B18"]
[Site "Prague, Top Hotel Prague"]
[Date "2016.08.27"]
[Round "9.50"]
[White "Scott, Luke"]
[Black "Sucharda, David"]
[Result "1/2-1/2"]
[WhiteElo "2001"]
[BlackElo "2051"]
[PlyCount "93"]
[EventDate "2016.08.18"]

1. d4 Nf6 2. c4 e6 3. Nf3 d5 4. Nc3 Nbd7 5. Bf4 c6 6. h3 Be7 7. e3 dxc4 8. Bxc4
b5 9. Bd3 a6 10. O-O O-O 11. Rc1 c5 12. Qe2 Bb7 13. Rfd1 c4 14. Bc2 Rc8 15. e4
b4 16. Nb1 Qa5 17. Nbd2 Qb5 18. b3 c3 19. Nc4 Nb6 20. Bd3 Nxc4 21. Bxc4 Qa5 22.
d5 exd5 23. exd5 Rfe8 24. Qd3 Bc5 25. Ng5 Rcd8 26. d6 Rf8 27. Rc2 h6 28. Nxf7
Rxf7 29. Qg6 Bd5 30. Rxd5 Nxd5 31. Qe6 Rdd7 32. Qe8+ Kh7 33. Bd3+ g6 34. Be5
Qd8 35. Qe6 Qg8 36. Qxd5 Bb6 37. Re2 Bd8 38. Bc4 Bg5 39. Qc6 Qf8 40. Bxf7 Qxf7
41. f4 Bd8 42. Qxa6 Qd5 43. Qc8 Bb6+ 44. Kh2 Rd8 45. Qa6 Bc5 46. Rc2 Ra8 47.
Qe2 1/2-1/2

[Event "European Youth Chess Championship B18"]
[Site "Prague, Top Hotel Prague"]
[Date "2016.08.27"]
[Round "9.51"]
[White "Ozcan, Kadir Kutay"]
[Black "Koehn, Lennart"]
[Result "1/2-1/2"]
[WhiteElo "1808"]
[BlackElo "2048"]
[PlyCount "58"]
[EventDate "2016.08.18"]

1. e4 c5 2. Nf3 d6 3. d4 cxd4 4. Nxd4 Nf6 5. Nc3 Nc6 6. Bg5 Bd7 7. Qd2 Rc8 8.
f3 Nxd4 9. Qxd4 Qa5 10. Be3 a6 11. g4 h6 12. h4 g6 13. Qd2 Bg7 14. Bd4 Be6 15.
Rd1 Kf8 16. Be2 h5 17. g5 Nd7 18. Bxg7+ Kxg7 19. Qd4+ Qe5 20. f4 Qxd4 21. Rxd4
Rc5 22. Kf2 b5 23. a4 Rb8 24. axb5 axb5 25. Rb4 Bc4 26. Ra1 Bxe2 27. Kxe2 Rc4
28. Rxc4 bxc4 29. Ra2 Nc5 1/2-1/2

[Event "European Youth Chess Championship B18"]
[Site "Prague, Top Hotel Prague"]
[Date "2016.08.27"]
[Round "9.52"]
[White "Ferreira, Hugo Miguel Da Costa"]
[Black "Hons, Tomas"]
[Result "1/2-1/2"]
[WhiteElo "1975"]
[BlackElo "2033"]
[PlyCount "119"]
[EventDate "2016.08.18"]

1. d4 d5 2. Bf4 Nf6 3. e3 c5 4. c3 Nc6 5. Nd2 Bf5 6. Ngf3 e6 7. Ne5 h6 8. Bb5
Qb6 9. Qa4 Rc8 10. Nxc6 bxc6 11. Qa6 Qxa6 12. Bxa6 Rd8 13. dxc5 Bxc5 14. Nf3
Bd6 15. Nd4 Bxf4 16. exf4 Kd7 17. O-O-O Ne4 18. Rhf1 Bg6 19. f3 Nc5 20. Be2 Na4
21. Rd2 Rb8 22. Bd1 Nxc3 23. f5 Nxa2+ 24. Kb1 Nc3+ 25. Ka1 Nxd1 26. fxg6 Ne3
27. Re1 Nf5 28. Nxf5 exf5 29. gxf7 Rhf8 30. Re5 Rxf7 31. Rde2 Rbf8 32. Kb1 Kc7
33. Re6 Rd8 34. Kc2 Rd6 35. R6e5 Kb6 36. Kd3 g6 37. Kd4 c5+ 38. Kd3 Kc6 39. Re8
Rb7 40. Rc8+ Rc7 41. Rb8 g5 42. Rf8 f4 43. g3 fxg3 44. hxg3 Rb7 45. Rc8+ Kb5
46. Rc2 c4+ 47. Kd4 Ka4 48. f4 gxf4 49. gxf4 Re7 50. f5 Rdd7 51. Rc6 Kb3 52.
Rf2 Re4+ 53. Kc5 d4 54. Rxh6 c3 55. bxc3 dxc3 56. f6 Rf7 57. Kd5 Re1 58. Rh8
Rd7+ 59. Kc6 Rf7 60. Kd5 1/2-1/2

[Event "European Youth Chess Championship B18"]
[Site "Prague, Top Hotel Prague"]
[Date "2016.08.27"]
[Round "9.53"]
[White "Vangsgaard, Bjarke"]
[Black "Lukic, Lazar"]
[Result "0-1"]
[WhiteElo "2034"]
[BlackElo "1939"]
[PlyCount "84"]
[EventDate "2016.08.18"]

1. d4 f5 2. c4 Nf6 3. Nc3 g6 4. Nf3 Bg7 5. Bf4 O-O 6. e3 d6 7. h3 c6 8. Be2 Qe8
9. d5 Na6 10. O-O Nc5 11. Nd4 h6 12. Rc1 g5 13. Bh2 g4 14. h4 Nce4 15. Nxe4
Nxe4 16. Bf4 h5 17. b4 a5 18. c5 Bxd4 19. Qxd4 cxd5 20. cxd6 exd6 21. Rc7 Rf7
22. Rfc1 axb4 23. Qxd5 Be6 24. Qxb7 Nc3 25. Kf1 Rxc7 26. Qxc7 Nxe2 27. Bh6 Bd7
28. Rd1 Rxa2 29. Rxd6 Nc3 30. Kg1 Ra1+ 31. Kh2 Rd1 32. Rf6 Nd5 33. Qd6 Nxf6 34.
Qxd1 Qe6 35. Qa1 b3 36. Qa3 Kh7 37. Bf4 Nd5 38. Bg5 Qe5+ 39. Kg1 b2 40. Qb3 Qc3
41. Qb7 Qc1+ 42. Kh2 Qc7+ 0-1

[Event "European Youth Chess Championship B18"]
[Site "Prague, Top Hotel Prague"]
[Date "2016.08.27"]
[Round "9.54"]
[White "Maes, Tibo"]
[Black "Kuna, Martin"]
[Result "0-1"]
[WhiteElo "1950"]
[BlackElo "1832"]
[PlyCount "96"]
[EventDate "2016.08.18"]

1. e4 c5 2. d4 cxd4 3. c3 Nf6 4. e5 Nd5 5. Nf3 e6 6. cxd4 d6 7. a3 Nd7 8. Bd3
dxe5 9. dxe5 g6 10. O-O Bg7 11. Re1 O-O 12. Bg5 Qc7 13. Qe2 h6 14. Bd2 Nc5 15.
Bc2 b6 16. Nc3 Nxc3 17. Bxc3 Ba6 18. Qe3 Rfd8 19. Nd4 Rac8 20. Rac1 Qb8 21. b4
Nd7 22. Bxg6 Nxe5 23. Be4 Ng4 24. Qh3 Nxf2 25. Kxf2 Rxc3 26. Rxc3 Bxd4+ 27.
Rce3 Qf4+ 28. Qf3 Bxe3+ 29. Rxe3 Rd2+ 30. Ke1 Qxf3 31. Bxf3 Rd3 32. Rxd3 Bxd3
33. Kd2 Bf1 34. Kc3 Kf8 35. Kd4 f6 36. Ke4 Kg7 37. g3 Bc4 38. Bh5 e5 39. Bg4
Ba2 40. Bh3 Kg6 41. Bf5+ Kf7 42. Bg4 Ke7 43. Bf3 Be6 44. Be2 Kd6 45. g4 a5 46.
Bd1 Bc4 47. Kf5 Ke7 48. h4 Be6+ 0-1

[Event "European Youth Chess Championship B18"]
[Site "Prague, Top Hotel Prague"]
[Date "2016.08.27"]
[Round "9.55"]
[White "Berthaut, Alexandre"]
[Black "Tirziman, Rudolf"]
[Result "1/2-1/2"]
[WhiteElo "1720"]
[BlackElo "1884"]
[PlyCount "35"]
[EventDate "2016.08.18"]

1. e4 e6 2. d4 d5 3. exd5 exd5 4. Bd3 c5 5. Nf3 c4 6. Be2 Nf6 7. b3 cxb3 8.
axb3 Nc6 9. O-O Bd6 10. c4 dxc4 11. bxc4 O-O 12. Bb2 Bg4 13. Nbd2 Re8 14. d5
Ne7 15. Bxf6 gxf6 16. Nd4 Bxe2 17. Qxe2 Qd7 18. Qd3 1/2-1/2